"Current, Voltage and Resistance Pi-9" (Record no. 6648)

MARC details
000 -LEADER
fixed length control field 00417nam a2200169Ia 4500
008 - FIXED-LENGTH DATA ELEMENTS--GENERAL INFORMATION
fixed length control field 230524s9999 xx 000 0 und d
020 ## - INTERNATIONAL STANDARD BOOK NUMBER
ISBN 8122402259
082 ## - DEWEY DECIMAL CLASSIFICATION NUMBER
Classification number 621.221
Item number LAN
100 ## - MAIN ENTRY--AUTHOR NAME
Personal name Johannes G.Lang
245 #0 - TITLE STATEMENT
Title "Current, Voltage and Resistance Pi-9"
250 ## - EDITION STATEMENT
Edition statement 2ND
260 ## - PUBLICATION, DISTRIBUTION, ETC. (IMPRINT)
Place of publication NEW DELHI
Name of publisher Wiley Eastern
Year of publication 1993
300 ## - PHYSICAL DESCRIPTION
Number of Pages 71
500 ## - GENERAL NOTE
General note Quantity Number: 2
650 ## - SUBJECT ADDED ENTRY--TOPICAL TERM
Topical Term Electrical
942 ## - ADDED ENTRY ELEMENTS (KOHA)
Koha item type Books
Holdings
Lost status Damaged status Permanent Location Current Location Shelving location Date acquired Full call number Accession Number Koha item type
    Central Library, Trident Academy of Technology Central Library, Trident Academy of Technology General Stacks 05/24/2023 621.221 LAN 6686 Books
    Central Library, Trident Academy of Technology Central Library, Trident Academy of Technology General Stacks 05/24/2023 621.221 LAN 6687 Books
Trident Academy of Technology © 2023.
All rights reserved.                                                                                                                                                                                                        Designed by Team of Central Library .

Powered by Koha